[Event "FRM-ch op"]
[Site "Skopje"]
[Date "2023.05.07"]
[Round "5"]
[White "Jancev, Valentin"]
[Black "Novevski, Bojan"]
[Result "1/2-1/2"]
[WhiteElo "1693"]
[BlackElo "1326"]
[PlyCount "53"]
[EventDate "2023.05.04"]
[EventType "swiss"]
[EventRounds "9"]
[EventCountry "MKD"]
[SourceTitle "CBM 214 Extra"]
[Source "ChessBase"]
[SourceDate "2023.07.31"]
[SourceVersion "1"]
[SourceVersionDate "2023.07.31"]
[SourceQuality "1"]

1. d4 Nf6 2. Nf3 d6 3. c4 g6 4. Nc3 Bg7 5. e3 0-0 6. Be2 b6 7. 0-0 Bb7 8. b3 Nbd7 9. Bb2 Qc8 10. Qc2 e5 11. dxe5 Nxe5 12. Nxe5 dxe5 13. e4 Bh6 14. Nd5 Nxd5 15. cxd5 f6 16. Bc1 Bg7 17. Ba3 Rf7 18. Rac1 Ba6 19. Bc4 Bxc4 20. Qxc4 Qg4 21. Rc2 Bf8 22. f3 Qd7 23. Bxf8 Raxf8 24. Qc6 Qxc6 25. Rxc6 Rd7 26. Rfc1 Rff7 27. b4 1/2-1/2